[Event "South Moravia Region-chT 2223"]
[Site "Czech Republic"]
[Date "2023.03.19"]
[Round "10.1"]
[White "Gajdos, Daniel"]
[Black "Wunsch, Radek"]
[Result "1-0"]
[WhiteElo "2056"]
[BlackElo "1986"]
[PlyCount "59"]
[EventDate "2022.10.09"]
[EventType "team-tourn"]
[EventRounds "11"]
[EventCountry "CZE"]
[SourceTitle "EXT 2024"]
[Source "ChessBase"]
[SourceDate "2023.10.10"]
[SourceVersion "1"]
[SourceVersionDate "2023.10.10"]
[SourceQuality "1"]

1. Nf3 d5 2. g3 Nf6 3. Bg2 Bg4 4. h3 Bh5 5. d3 h6 6. 0-0 Nbd7 7. Qe1 e5 8. e4 dxe4 9. dxe4 c6 10. a4 Qc7 11. a5 g5 12. Na3 g4 13. Nh4 gxh3 14. Bxh3 Bg4 15. Bxg4 Nxg4 16. Qe2 h5 17. f3 Nh6 18. Bxh6 Rxh6 19. Nc4 0-0-0 20. Rfd1 Rg6 21. Nxg6 fxg6 22. c3 Be7 23. b4 g5 24. Ne3 Rg8 25. Nf5 Bf8 26. Qc4 Rh8 27. Qe6 g4 28. fxg4 hxg4 29. Rd3 Rh7 30. Rad1 1-0

[Event "CZE-chT2E 2223"]
[Site "Czech Republic"]
[Date "2023.03.05"]
[Round "10.1"]
[White "Zdrazil, Tomas"]
[Black "Gajdos, Daniel"]
[Result "1/2-1/2"]
[WhiteElo "2106"]
[BlackElo "2056"]
[PlyCount "90"]
[EventDate "2022.10.16"]
[EventType "team-tourn"]
[EventRounds "11"]
[EventCountry "CZE"]
[SourceTitle "EXT 2024"]
[Source "ChessBase"]
[SourceDate "2023.10.10"]
[SourceVersion "1"]
[SourceVersionDate "2023.10.10"]
[SourceQuality "1"]
[WhiteTeam "Olomouc"]
[BlackTeam "Brno VSK Univ"]
[WhiteTeamCountry "CZE"]
[BlackTeamCountry "CZE"]

1. e4 e5 2. Nf3 Nc6 3. Bb5 a6 4. Ba4 Nf6 5. 0-0 b5 6. Bb3 Bb7 7. d3 Be7 8. c4 0-0 9. Nc3 bxc4 10. Bxc4 Na5 11. Nxe5 d6 12. Qa4 c5 13. Nf3 Nxc4 14. Qxc4 d5 15. Qa4 dxe4 16. dxe4 Qb6 17. Bg5 h6 18. Bxf6 Bxf6 19. Qc2 Qe6 20. Rfe1 Rfe8 21. a3 Rad8 22. h3 Bd4 23. Rac1 Qg6 24. Nd5 Bxd5 25. exd5 Rxe1+ 26. Nxe1 Qf6 27. b3 Rxd5 28. Nf3 g6 29. Re1 Rd8 30. Kf1 Kg7 31. Rd1 a5 32. Qc4 Rb8 33. Nxd4 cxd4 34. Rxd4 Rxb3 35. Qxb3 Qxd4 36. a4 h5 37. Qc2 h4 38. Qb3 Qd2 39. f3 Qc1+ 40. Kf2 Qc5+ 41. Kf1 Kf6 42. Ke2 g5 43. Kd3 Qf5+ 44. Kc3 Qe5+ 45. Kd3 Qf5+ 1/2-1/2

[Event "South Moravia Region-chT 2223"]
[Site "Czech Republic"]
[Date "2022.11.13"]
[Round "3.1"]
[White "Gajdos, Daniel"]
[Black "Slepov, Kyryl"]
[Result "1-0"]
[WhiteElo "2056"]
[BlackElo "2071"]
[PlyCount "63"]
[EventDate "2022.10.09"]
[EventType "team-tourn"]
[EventRounds "11"]
[EventCountry "CZE"]
[SourceTitle "EXT 2024"]
[Source "ChessBase"]
[SourceDate "2023.10.10"]
[SourceVersion "1"]
[SourceVersionDate "2023.10.10"]
[SourceQuality "1"]

1. Nf3 Nf6 2. g3 d5 3. Bg2 e6 4. 0-0 Be7 5. d3 c5 6. Nbd2 Nc6 7. e4 0-0 8. Re1 b5 9. e5 Nd7 10. Nf1 Qc7 11. Bf4 a5 12. h4 a4 13. h5 a3 14. b3 Bb7 15. N1h2 d4 16. Ng4 Nb4 17. h6 g6 18. Qd2 Rfc8 19. Bg5 Bf8 20. c3 dxc3 21. Qxc3 c4 22. dxc4 bxc4 23. Rad1 Bd5 24. bxc4 Nxa2 25. Qa1 Qxc4 26. Ne3 Qb3 27. Rb1 Nb4 28. Rxb3 Bxb3 29. Nd4 Bd5 30. Nxd5 Nxd5 31. Bxd5 exd5 32. e6 1-0

[Event "CZE-chT2E 2223"]
[Site "Czech Republic"]
[Date "2022.11.06"]
[Round "2.1"]
[White "Gajdos, Daniel"]
[Black "Nemec, David"]
[Result "0-1"]
[WhiteElo "2056"]
[BlackElo "2023"]
[PlyCount "68"]
[EventDate "2022.10.16"]
[EventType "team-tourn"]
[EventRounds "11"]
[EventCountry "CZE"]
[SourceTitle "EXT 2024"]
[Source "ChessBase"]
[SourceDate "2023.10.10"]
[SourceVersion "1"]
[SourceVersionDate "2023.10.10"]
[SourceQuality "1"]
[WhiteTeam "Brno VSK Univ"]
[BlackTeam "Brno Lokomotiva"]
[WhiteTeamCountry "CZE"]
[BlackTeamCountry "CZE"]

1. d4 Nf6 2. c4 e6 3. Nc3 Bb4 4. f3 Bxc3+ 5. bxc3 d6 6. e4 e5 7. Bd3 h6 8. Ne2 0-0 9. 0-0 g5 10. h4 Nh5 11. hxg5 hxg5 12. g4 Nf4 13. Nxf4 gxf4 14. Bd2 Kg7 15. Kg2 Qf6 16. Rh1 Nc6 17. c5 Bd7 18. Rb1 Rab8 19. Bb5 Rh8 20. Qe2 exd4 21. Bxc6 bxc6 22. Rxb8 Rxb8 23. Qd3 Rb2 24. cxd4 d5 25. Qc3 Rxa2 26. e5 Qg6 27. Ra1 Rc2 28. Qa5 Qd3 29. Ra2 Qe2+ 30. Kg1 Rxa2 31. Qxa2 Bxg4 32. fxg4 f3 33. Bh6+ Kxh6 34. Qxe2 fxe2 0-1

[Event "CZE-chT2E 2122"]
[Site "Czech Republic"]
[Date "2022.01.16"]
[Round "6.1"]
[White "Mudrak, Josef"]
[Black "Gajdos, Daniel"]
[Result "1-0"]
[WhiteElo "2224"]
[BlackElo "2057"]
[PlyCount "55"]
[EventDate "2021.10.17"]
[EventType "team-tourn"]
[EventRounds "11"]
[EventCountry "CZE"]
[SourceTitle "EXT 2024"]
[Source "ChessBase"]
[SourceDate "2023.10.10"]
[SourceVersion "1"]
[SourceVersionDate "2023.10.10"]
[SourceQuality "1"]
[WhiteTeam "Kromeriz Slavia II"]
[BlackTeam "Brno VSK Univ"]
[WhiteTeamCountry "CZE"]
[BlackTeamCountry "CZE"]

1. d4 Nf6 2. Nf3 g6 3. c4 Bg7 4. Nc3 d5 5. e3 0-0 6. Qb3 dxc4 7. Bxc4 Nc6 8. Ne5 Nxe5 9. dxe5 Nd7 10. e6 fxe6 11. 0-0 Nc5 12. Qa3 Qd6 13. Nb5 Qb6 14. Bd2 a6 15. Nd4 Ne4 16. Ba5 Qd6 17. Qxd6 exd6 18. Nxe6 Bxe6 19. Bxe6+ Kh8 20. Rab1 Nc5 21. Bg4 Nd3 22. b3 Ne5 23. Bh3 g5 24. Be6 Rf6 25. Bd5 b6 26. Bd2 c6 27. Bf3 d5 28. e4 1-0

[Event "CZE-chT2E 2122"]
[Site "Czech Republic"]
[Date "2021.11.21"]
[Round "3"]
[White "Gajdos, Daniel"]
[Black "Tajovsky, Martin"]
[Result "1-0"]
[WhiteElo "2057"]
[BlackElo "2232"]
[PlyCount "113"]
[EventDate "2021.10.17"]
[EventType "team-tourn"]
[EventRounds "11"]
[EventCountry "CZE"]
[SourceTitle "EXT 2024"]
[Source "ChessBase"]
[SourceDate "2023.10.10"]
[SourceVersion "1"]
[SourceVersionDate "2023.10.10"]
[SourceQuality "1"]
[WhiteTeam "Brno VSK Univ"]
[BlackTeam "Kurim"]
[WhiteTeamCountry "CZE"]
[BlackTeamCountry "CZE"]

1. d4 Nf6 2. c4 e6 3. Nc3 d5 4. cxd5 exd5 5. Bg5 Be7 6. Qc2 0-0 7. e3 c6 8. Bd3 Nbd7 9. Nge2 Re8 10. 0-0 Nf8 11. f3 Nh5 12. Bxe7 Qxe7 13. e4 Be6 14. e5 g6 15. f4 Ng7 16. Ng3 f5 17. Nce2 a5 18. a3 Rec8 19. Rfc1 Bf7 20. Qc3 Nge6 21. b4 b6 22. Bxf5 gxf5 23. Nxf5 Qc7 24. Qg3+ Kh8 25. Nd6 Rd8 26. Rxc6 Qd7 27. f5 Ng7 28. e6 Bxe6 29. fxe6 Nfxe6 30. b5 Rab8 31. Rf1 Rf8 32. Rf7 Qd8 33. Nf4 Qg5 34. Qxg5 Nxg5 35. Rxf8+ Rxf8 36. Nxd5 N5e6 37. Rc8 Rxc8 38. Nxc8 Nxd4 39. a4 Nge6 40. Ncxb6 Nc5 41. Nc3 Kg7 42. Nc4 Nb7 43. Kf2 Kf6 44. Ke3 Nb3 45. Kf4 N3c5 46. Ne4+ Nxe4 47. Kxe4 Nc5+ 48. Kd4 Nxa4 49. Nxa5 Ke6 50. Nc4 Kd7 51. g4 Ke6 52. h4 h6 53. b6 Kd7 54. g5 hxg5 55. hxg5 Kc6 56. g6 Nc5 57. Ke5 1-0

[Event "Bratislava Doprastav op"]
[Site "Bratislava"]
[Date "2019.04.20"]
[Round "4"]
[White "Gajdos, Daniel"]
[Black "Matejovic, Juraj"]
[Result "0-1"]
[WhiteElo "2022"]
[BlackElo "2244"]
[PlyCount "34"]
[EventDate "2019.04.18"]
[EventType "swiss"]
[EventRounds "7"]
[EventCountry "SVK"]
[SourceTitle "CBM 189 Extra"]
[Source "ChessBase"]
[SourceDate "2019.05.31"]
[SourceVersion "1"]
[SourceVersionDate "2019.05.31"]
[SourceQuality "1"]

1. d4 Nf6 2. c4 g6 3. Nc3 Bg7 4. e4 d6 5. Nf3 0-0 6. Be2 e5 7. d5 a5 8. Bg5 h6 9. Be3 Ng4 10. Bd2 f5 11. exf5 Bxf5 12. h3 Nxf2 13. Kxf2 e4 14. g4 exf3 15. Bxf3 Bxc3 16. Bxc3 Be4 17. Qd4 Rxf3+ 0-1

[Event "Bratislava Doprastav op"]
[Site "Bratislava"]
[Date "2019.04.20"]
[Round "5"]
[White "Meszarosova, Eva"]
[Black "Gajdos, Daniel"]
[Result "1-0"]
[WhiteElo "1883"]
[BlackElo "2022"]
[PlyCount "77"]
[EventDate "2019.04.18"]
[EventType "swiss"]
[EventRounds "7"]
[EventCountry "SVK"]
[SourceTitle "CBM 189 Extra"]
[Source "ChessBase"]
[SourceDate "2019.05.31"]
[SourceVersion "1"]
[SourceVersionDate "2019.05.31"]
[SourceQuality "1"]

1. e4 e6 2. d4 d5 3. exd5 exd5 4. Bd3 Nf6 5. Bg5 c5 6. Qe2+ Be6 7. Bf5 Qb6 8. Bxe6 fxe6 9. Bxf6 gxf6 10. Nd2 cxd4 11. 0-0-0 Na6 12. Qh5+ Kd7 13. Nb3 Nb4 14. Kb1 d3 15. c3 Nc6 16. Nf3 Re8 17. Qf7+ Be7 18. Rhe1 Nd8 19. Qh5 Kc8 20. Rxd3 Qxf2 21. Nbd4 Qxg2 22. Rg1 Qf2 23. Qh3 Bc5 24. Rf1 Bxd4 25. Nxd4 Qxf1+ 26. Qxf1 Rhf8 27. Nb5 Re7 28. Nxa7+ Kb8 29. Qf2 Rd7 30. Qc5 Rff7 31. Nb5 Nc6 32. Rg3 Rd8 33. a4 f5 34. a5 f4 35. Rf3 e5 36. a6 e4 37. a7+ Ka8 38. Rxf4 Re7 39. Rf6 1-0

[Event "Bratislava Doprastav op"]
[Site "Bratislava"]
[Date "2019.04.19"]
[Round "3"]
[White "Miciak, Emanuel"]
[Black "Gajdos, Daniel"]
[Result "0-1"]
[WhiteElo "1853"]
[BlackElo "2022"]
[PlyCount "104"]
[EventDate "2019.04.18"]
[EventType "swiss"]
[EventRounds "7"]
[EventCountry "SVK"]
[SourceTitle "CBM 189 Extra"]
[Source "ChessBase"]
[SourceDate "2019.05.31"]
[SourceVersion "1"]
[SourceVersionDate "2019.05.31"]
[SourceQuality "1"]

1. d4 f5 2. g3 Nf6 3. Bg2 g6 4. c4 Bg7 5. Nc3 0-0 6. Nh3 Nc6 7. 0-0 e5 8. d5 Ne7 9. d6 cxd6 10. Qxd6 Ne8 11. Qa3 d6 12. Bg5 Bf6 13. Bh6 Bg7 14. Bg5 h6 15. Bxe7 Qxe7 16. Rad1 g5 17. Nd5 Qd8 18. f4 gxf4 19. gxf4 e4 20. Kh1 Be6 21. Rg1 Bxd5 22. Rxd5 Qh4 23. Bf1 Kh8 24. Qb4 b6 25. Qd2 Rc8 26. e3 Rc5 27. Rg3 Qf6 28. Rg2 Rf7 29. b4 Rc8 30. Nf2 Qa1 31. Nd1 a6 32. Rg1 Qf6 33. Bh3 Qe6 34. Bf1 Bf8 35. Qg2 Rg7 36. Qh3 Rxg1+ 37. Kxg1 Ng7 38. Nc3 b5 39. Rd4 bxc4 40. Rd5 Qg6+ 41. Kh1 Rc7 42. Ra5 Qf6 43. Nd5 Qd8 44. Nxc7 Qxc7 45. Qxh6+ Kg8 46. Qh4 c3 47. Qe1 c2 48. Qc1 d5 49. a3 d4 50. exd4 Qc3 51. Re5 Qf3+ 52. Kg1 Qd1 0-1

[Event "Bezmerov Bastinec Memorial-A"]
[Site "Bezmerov"]
[Date "2019.01.26"]
[Round "3"]
[White "Gajdos, Daniel"]
[Black "Kocian, Miroslav"]
[Result "1-0"]
[WhiteElo "1984"]
[BlackElo "2013"]
[PlyCount "91"]
[EventDate "2019.01.25"]
[EventType "swiss"]
[EventRounds "5"]
[EventCountry "CZE"]
[SourceTitle "CBM 188 Extra"]
[Source "ChessBase"]
[SourceDate "2019.02.28"]
[SourceVersion "1"]
[SourceVersionDate "2019.02.28"]
[SourceQuality "1"]

1. d4 d5 2. c4 dxc4 3. e4 e5 4. Nf3 exd4 5. Bxc4 Nc6 6. 0-0 Be7 7. Qb3 Na5 8. Bxf7+ Kf8 9. Qa4 Kxf7 10. Qxa5 c5 11. Qb5 Kf8 12. b4 Qb6 13. Qd3 Qxb4 14. Ba3 Qb6 15. Nbd2 Be6 16. Rfc1 Rd8 17. Rab1 Qc7 18. Nxd4 Bxa2 19. Qf3+ Ke8 20. Nb5 Qd7 21. Rb2 Be6 22. Bxc5 Rc8 23. Qh5+ g6 24. Qe5 Nf6 25. Nxa7 Rxc5 26. Rxc5 Bxc5 27. Qxc5 Qa4 28. Qb5+ Bd7 29. Qxa4 Bxa4 30. Rxb7 Nd7 31. Rb4 Bd1 32. Nc6 Kf7 33. Rb7 Ke6 34. Nd4+ Kd6 35. Nc4+ Kc5 36. Nb2 Bg4 37. Nb3+ Kc6 38. Na5+ Kc5 39. Na4+ Kd4 40. Rb4+ Kd3 41. Rb3+ Kd2 42. Nc4+ Kc2 43. Rc3+ Kb1 44. Nd2+ Ka2 45. Rb3 Be6 46. Nc3+ 1-0

[Event "Bezmerov Bastinec Memorial-A"]
[Site "Bezmerov"]
[Date "2019.01.25"]
[Round "2"]
[White "Hrdlicka, Vladan"]
[Black "Gajdos, Daniel"]
[Result "1/2-1/2"]
[WhiteElo "1765"]
[BlackElo "1984"]
[PlyCount "107"]
[EventDate "2019.01.25"]
[EventType "swiss"]
[EventRounds "5"]
[EventCountry "CZE"]
[SourceTitle "CBM 188 Extra"]
[Source "ChessBase"]
[SourceDate "2019.02.28"]
[SourceVersion "1"]
[SourceVersionDate "2019.02.28"]
[SourceQuality "1"]

1. e4 e5 2. Nf3 Nf6 3. Nxe5 d6 4. Nf3 Nxe4 5. d4 d5 6. Bd3 Nc6 7. 0-0 Be7 8. c4 Nb4 9. Be2 0-0 10. Nc3 Bf5 11. a3 Nxc3 12. bxc3 Nc6 13. cxd5 Qxd5 14. c4 Qe4 15. Be3 Bf6 16. Qd2 Rad8 17. Rad1 Bxd4 18. Nxd4 Nxd4 19. Bxd4 c5 20. Qg5 Rxd4 21. Bf3 Qf4 22. Qxf4 Rxf4 23. Bd5 Be6 24. Bxe6 fxe6 25. Rd7 R4f7 26. Rfd1 g5 27. f3 Kg7 28. Kf2 Kf6 29. Ke3 Rxd7 30. Rxd7 Rf7 31. Rd8 Ke5 32. g3 a6 33. Rg8 h6 34. Rg6 b5 35. cxb5 axb5 36. Rxh6 Ra7 37. f4+ gxf4+ 38. gxf4+ Kd5 39. Rh5+ Kc4 40. Ke4 Rxa3 41. Rh8 b4 42. Rb8 Ra2 43. Ke5 Re2+ 44. Kd6 b3 45. h4 Rh2 46. Kxe6 Rxh4 47. f5 Re4+ 48. Kd6 Rd4+ 49. Ke5 Kc3 50. f6 Rd7 51. Ke6 Ra7 52. f7 Rxf7 53. Kxf7 b2 54. Ke6 1/2-1/2

[Event "Brno Duras op"]
[Site "Brno"]
[Date "2015.07.01"]
[Round "5"]
[White "Spodny, Josef"]
[Black "Gajdos, Daniel"]
[Result "1/2-1/2"]
[WhiteElo "1981"]
[BlackElo "1814"]
[PlyCount "24"]
[EventDate "2015.06.27"]
[EventType "swiss"]
[EventRounds "9"]
[EventCountry "CZE"]
[SourceTitle "CBM 167 Extra"]
[Source "ChessBase"]
[SourceDate "2015.09.14"]
[SourceVersion "1"]
[SourceVersionDate "2015.09.14"]
[SourceQuality "1"]

1. e4 e5 2. Nf3 Nf6 3. d3 Nc6 4. Be2 d5 5. Nbd2 dxe4 6. dxe4 Bc5 7. 0-0 0-0 8. c3 a5 9. Qc2 Qe7 10. Nc4 b5 11. Ne3 Bxe3 12. fxe3 b4 1/2-1/2

[Event "Brno Duras op"]
[Site "Brno"]
[Date "2015.06.29"]
[Round "3"]
[White "Zavadil, Michal"]
[Black "Gajdos, Daniel"]
[Result "1/2-1/2"]
[WhiteElo "2018"]
[BlackElo "1814"]
[PlyCount "59"]
[EventDate "2015.06.27"]
[EventType "swiss"]
[EventRounds "9"]
[EventCountry "CZE"]
[SourceTitle "CBM 167 Extra"]
[Source "ChessBase"]
[SourceDate "2015.09.14"]
[SourceVersion "1"]
[SourceVersionDate "2015.09.14"]
[SourceQuality "1"]

1. e4 e5 2. Nf3 Nf6 3. Nxe5 Nxe4 4. Qe2 Qe7 5. Qxe4 d6 6. d4 dxe5 7. Qxe5 Qxe5+ 8. dxe5 Bf5 9. Bb5+ c6 10. Ba4 Nd7 11. Bf4 Nc5 12. Bb3 Nxb3 13. cxb3 0-0-0 14. 0-0 Bb4 15. a3 Ba5 16. b4 Bc7 17. Re1 Rhe8 18. Bg3 Bxe5 19. Nc3 Bf6 20. Rxe8 Rxe8 21. f3 Rd8 22. Rd1 Rxd1+ 23. Nxd1 Bc2 24. Nc3 Bg5 25. Ne4 Bxe4 26. fxe4 Be3+ 27. Kf1 Bd4 28. b3 Kd7 29. Be1 Ke6 30. Ke2 1/2-1/2

[Event "Brno Trade op-A 37th"]
[Site "Brno"]
[Date "2012.08.31"]
[Round "7"]
[White "Gajdos, Daniel"]
[Black "Martisek, Karel"]
[Result "1-0"]
[WhiteElo "1784"]
[BlackElo "1875"]
[PlyCount "67"]
[EventDate "2012.08.26"]
[EventType "swiss"]
[EventRounds "9"]
[EventCountry "CZE"]
[SourceTitle "CBM 150 Extra"]
[Source "ChessBase"]
[SourceDate "2012.10.19"]
[SourceVersion "1"]
[SourceVersionDate "2012.10.19"]
[SourceQuality "1"]

1. c4 e5 2. Nc3 Nf6 3. g3 Be7 4. Bg2 0-0 5. d3 c6 6. Nf3 d6 7. 0-0 Ne8 8. b4 f5 9. b5 Nf6 10. Rb1 a6 11. bxc6 Nxc6 12. Bg5 Nh5 13. Bxe7 Nxe7 14. c5 Nc6 15. Qb3+ Kh8 16. cxd6 Qxd6 17. Ng5 Qg6 18. h4 h6 19. Qa3 Re8 20. Qd6 Be6 21. Nxe6 Rxe6 22. Qc7 b5 23. Bd5 Rf6 24. Rfc1 Nxg3 25. Kh2 Nxe2 26. Nxe2 Qg4 27. Rxc6 Qxh4+ 28. Kg2 Qg5+ 29. Ng3 f4 30. Rxf6 fxg3 31. fxg3 Qd2+ 32. Rf2 Qxd3 33. Bxa8 Qxb1 34. Qxe5 1-0

[Event "Novy Bor op"]
[Site "Novy Bor"]
[Date "2011.02.12"]
[Round "1"]
[White "Gajdos, Daniel"]
[Black "Perdek, Miroslaw"]
[Result "1/2-1/2"]
[WhiteElo "1793"]
[BlackElo "2245"]
[PlyCount "103"]
[EventDate "2011.02.12"]
[EventType "swiss"]
[EventRounds "9"]
[EventCountry "CZE"]
[SourceTitle "CBM 140 Extra"]
[Source "ChessBase"]
[SourceDate "2011.03.01"]
[SourceVersion "1"]
[SourceVersionDate "2011.03.01"]
[SourceQuality "1"]

1. f4 d5 2. Nf3 Nf6 3. g3 g6 4. Bg2 Bg7 5. d3 c5 6. 0-0 0-0 7. Nc3 Nc6 8. e4 dxe4 9. dxe4 Qxd1 10. Rxd1 e5 11. fxe5 Ng4 12. Nd5 Ngxe5 13. Nxe5 Nxe5 14. Ne7+ Kh8 15. Nxc8 Raxc8 16. Bf4 Nc4 17. Rd7 Bxb2 18. Rf1 b6 19. Bg5 f6 20. Bh6 Ne5 21. Bg7+ Kg8 22. Rxa7 Nc6 23. Bxf8 Nxa7 24. Be7 Bd4+ 25. Kh1 Kg7 26. Bd6 Nb5 27. Bf4 Nc3 28. a3 Re8 29. Re1 Re7 30. Bd2 Ra7 31. Bxc3 Bxc3 32. Rb1 Rxa3 33. Bf1 Bb4 34. Bd3 Kf8 35. e5 fxe5 36. Rf1+ Ke7 37. Bc4 Rc3 38. Rf7+ Ke8 39. Bd5 e4 40. Rxh7 e3 41. Rh4 Ke7 42. Re4+ Kd6 43. Bf7 g5 44. h4 gxh4 45. gxh4 Rxc2 46. Re6+ Kd7 47. Rxe3 c4 48. Re4 Bd6 49. Rxc4 Rh2+ 50. Kg1 b5 51. Re4 b4 52. Rxb4 1/2-1/2

[Event "Brno Trade op"]
[Site "Brno"]
[Date "2010.08.29"]
[Round "9"]
[White "Gajdos, Daniel"]
[Black "Stanek, Stanislav"]
[Result "0-1"]
[WhiteElo "1759"]
[BlackElo "2020"]
[PlyCount "128"]
[EventDate "2010.08.22"]
[EventType "swiss"]
[EventRounds "9"]
[EventCountry "CZE"]
[SourceTitle "CBM 138 Extra"]
[Source "ChessBase"]
[SourceDate "2010.10.29"]
[SourceVersion "1"]
[SourceVersionDate "2010.10.29"]
[SourceQuality "1"]

1. d4 d6 2. e4 g6 3. Nc3 Bg7 4. Bc4 Nf6 5. Nf3 0-0 6. 0-0 c6 7. h3 b5 8. Bd3 Bb7 9. Be3 Nbd7 10. Ne2 e5 11. dxe5 dxe5 12. Ng3 Qc7 13. Qe2 Rfe8 14. Nd2 Nf8 15. Nb3 Ne6 16. Nc5 Nf4 17. Qd2 Rad8 18. Bxf4 exf4 19. Nxb7 Qxb7 20. Qxf4 Nd7 21. Rab1 Qb6 22. Rfd1 Be5 23. Qf3 Re6 24. Qg4 Rf6 25. Rd2 Nc5 26. Nh5 Rfd6 27. Qg5 f6 28. Qg4 Kh8 29. Nf4 Kg7 30. b4 Nxe4 31. Nh5+ Kh6 32. Qxe4 Kxh5 33. Re2 Kh6 34. Qe3+ Qxe3 35. Rxe3 a5 36. a3 Ra8 37. Kf1 axb4 38. axb4 Ra4 39. Re4 Rd4 40. Rxd4 Bxd4 41. Be4 Ra6 42. Ke2 f5 43. Bf3 Kg5 44. g3 Kf6 45. Rd1 Ke5 46. Bg2 Bc3 47. Rd7 Bxb4 48. Rxh7 Kd4 49. Rc7 c5 50. Rb7 Ra2 51. Rxb5 Rxc2+ 52. Kf1 Rc1+ 53. Ke2 Re1+ 54. Kf3 Bd2 55. Rb6 c4 56. Rd6+ Kc3 57. Rxg6 Kb2 58. Rb6+ Kc1 59. h4 c3 60. Bh3 Re5 61. Rc6 c2 62. Bf1 Kb2 63. Rb6+ Ka3 64. Ra6+ Ra5 0-1

[Event "Brno Trade op"]
[Site "Brno"]
[Date "2010.08.23"]
[Round "3"]
[White "Gajdos, Daniel"]
[Black "Chmelicek, Bronislav"]
[Result "1-0"]
[WhiteElo "1759"]
[BlackElo "1976"]
[PlyCount "67"]
[EventDate "2010.08.22"]
[EventType "swiss"]
[EventRounds "9"]
[EventCountry "CZE"]
[SourceTitle "CBM 138 Extra"]
[Source "ChessBase"]
[SourceDate "2010.10.29"]
[SourceVersion "1"]
[SourceVersionDate "2010.10.29"]
[SourceQuality "1"]

1. e4 c6 2. d4 d5 3. Nc3 dxe4 4. Nxe4 Nd7 5. Nf3 Ngf6 6. Neg5 e6 7. Bc4 Nb6 8. Bd3 h6 9. Nxf7 Kxf7 10. Ne5+ Kg8 11. Bg6 Qd5 12. Bf7+ Kh7 13. Qd3+ Qe4+ 14. Qxe4+ Nxe4 15. Bg6+ Kg8 16. Bxe4 Nd5 17. Ng6 Bb4+ 18. Kf1 Rh7 19. c3 Bd6 20. c4 Nf6 21. Bd3 c5 22. Bf4 Bxf4 23. Nxf4 cxd4 24. Bxh7+ Kxh7 25. Re1 Bd7 26. Nxe6 d3 27. Nc5 Bf5 28. Rd1 Rc8 29. Nxd3 Rxc4 30. Ke2 Ng4 31. f3 Rc2+ 32. Rd2 Rxd2+ 33. Kxd2 Bxd3 34. fxg4 1-0

[Event "Brno Trade op"]
[Site "Brno"]
[Date "2010.08.22"]
[Round "1"]
[White "Gajdos, Daniel"]
[Black "Medunova, Vera"]
[Result "1/2-1/2"]
[WhiteElo "1759"]
[BlackElo "2083"]
[PlyCount "63"]
[EventDate "2010.08.22"]
[EventType "swiss"]
[EventRounds "9"]
[EventCountry "CZE"]
[SourceTitle "CBM 138 Extra"]
[Source "ChessBase"]
[SourceDate "2010.10.29"]
[SourceVersion "1"]
[SourceVersionDate "2010.10.29"]
[SourceQuality "1"]

1. c4 Nf6 2. Nf3 c6 3. d4 d5 4. cxd5 cxd5 5. Nc3 e6 6. Bf4 Bd6 7. Bxd6 Qxd6 8. e3 0-0 9. Bd3 a6 10. 0-0 Nbd7 11. Rc1 b5 12. e4 dxe4 13. Nxe4 Qd5 14. Nc3 Qh5 15. Ne5 Qxd1 16. Rfxd1 Bb7 17. Nxd7 Nxd7 18. d5 exd5 19. Be4 dxe4 20. Rxd7 Rab8 21. Rcd1 f5 22. R1d4 Bc6 23. R7d6 Rbc8 24. h4 Kf7 25. g4 Ke7 26. gxf5 Rxf5 27. Ne2 Rf6 28. Ng3 Rxd6 29. Nf5+ Ke6 30. Nxd6 Rd8 31. Nxb5 Rxd4 32. Nxd4+ 1/2-1/2